[Event "Villa Ballester op 73rd"]
[Site "Buenos Aires"]
[Date "2024.01.25"]
[Round "6"]
[White "Habiaga, Raul Adrian"]
[Black "Ccahuancama, Abraham William"]
[Result "1-0"]
[WhiteElo "1972"]
[BlackElo "1817"]
[PlyCount "57"]
[EventDate "2024.01.19"]
[EventType "swiss"]
[EventRounds "9"]
[EventCountry "ARG"]
[SourceTitle "CB06_2024"]
[SourceDate "2024.02.07"]
[SourceVersion "1"]
[SourceVersionDate "2024.02.07"]
[SourceQuality "1"]

1. e4 c5 2. Nf3 d6 3. d4 cxd4 4. Nxd4 Nf6 5. Nc3 a6 6. Bg5 e6 7. Bc4 Be7 8. Qf3 Qa5 9. Bd2 Qc5 10. Qd3 Bd7 11. Be3 Qc7 12. Bb3 Nc6 13. f3 Ne5 14. Qe2 Rc8 15. 0-0 0-0 16. Rad1 b5 17. Qf2 d5 18. exd5 Neg4 19. fxg4 Nxg4 20. Qg3 Qxg3 21. hxg3 e5 22. Nc6 Bxc6 23. d6 Bd8 24. d7 Bxd7 25. Rxd7 Nxe3 26. Rfxf7 Rxf7 27. Bxf7+ Kh8 28. Be6 Bb6 29. Rb7 1-0

[Event "Villa Ballester op 73rd"]
[Site "Buenos Aires"]
[Date "2024.01.23"]
[Round "5"]
[White "Ccahuancama, Abraham William"]
[Black "Nogues, Alejandro"]
[Result "1-0"]
[WhiteElo "1817"]
[BlackElo "1736"]
[PlyCount "65"]
[EventDate "2024.01.19"]
[EventType "swiss"]
[EventRounds "9"]
[EventCountry "ARG"]
[SourceTitle "CB06_2024"]
[SourceDate "2024.02.07"]
[SourceVersion "1"]
[SourceVersionDate "2024.02.07"]
[SourceQuality "1"]

1. e4 Nc6 2. d4 e5 3. Nf3 exd4 4. Bc4 Nf6 5. 0-0 Be7 6. e5 Ng4 7. Bf4 g5 8. Bg3 h5 9. h3 h4 10. hxg4 hxg3 11. fxg3 d5 12. exd6 Qxd6 13. Bxf7+ Kd8 14. Bh5 Qh6 15. Nbd2 Bc5 16. Ne4 Bb6 17. Nexg5 d3+ 18. Rf2 Be6 19. Qxd3+ Kc8 20. Qe4 Nd8 21. Rd1 Bd7 22. Rxd7 Bxf2+ 23. Kxf2 Kxd7 24. Ne5+ Kc8 25. Qf5+ Ne6 26. Nxe6 Qd2+ 27. Kg1 Kb8 28. Nf8 a6 29. Ned7+ Kc8 30. Nb6+ Kb8 31. Qc8+ Ka7 32. Qxa8+ Kxb6 33. Nd7+ 1-0

[Event "Buenos Aires Masters op"]
[Site "Buenos Aires"]
[Date "2023.06.19"]
[Round "7"]
[White "Ccahuancama, Abraham William"]
[Black "Ocampos, Ian Guido"]
[Result "0-1"]
[WhiteElo "1682"]
[BlackElo "2222"]
[PlyCount "52"]
[EventDate "2023.06.14"]
[EventType "swiss"]
[EventRounds "9"]
[EventCountry "ARG"]
[SourceTitle "CBM 215 Extra"]
[Source "ChessBase"]
[SourceDate "2023.09.30"]
[SourceVersion "1"]
[SourceVersionDate "2023.09.30"]
[SourceQuality "1"]

1. d4 Nf6 2. Nc3 c5 3. d5 e5 4. Bg5 d6 5. f3 Be7 6. Be3 b5 7. Nxb5 Qb6 8. c4 a6 9. Na3 Qxb2 10. Qc1 Qb6 11. Rb1 Qc7 12. Bd2 e4 13. Qc2 0-0 14. fxe4 Ng4 15. g3 f5 16. h3 Nf6 17. Bg2 Nxe4 18. Bxe4 fxe4 19. e3 Nd7 20. Qxe4 Ne5 21. Qc2 Bf5 22. e4 Bg6 23. Ke2 Bh4 24. Bf4 Rae8 25. Bxe5 Rxe5 26. gxh4 Bxe4 0-1

[Event "Buenos Aires Masters op"]
[Site "Buenos Aires"]
[Date "2023.06.17"]
[Round "4"]
[White "Montiel, Angel Nathanael"]
[Black "Ccahuancama, Abraham William"]
[Result "0-1"]
[WhiteElo "1854"]
[BlackElo "1682"]
[PlyCount "80"]
[EventDate "2023.06.14"]
[EventType "swiss"]
[EventRounds "9"]
[EventCountry "ARG"]
[SourceTitle "CBM 215 Extra"]
[Source "ChessBase"]
[SourceDate "2023.09.30"]
[SourceVersion "1"]
[SourceVersionDate "2023.09.30"]
[SourceQuality "1"]

1. e4 c5 2. Nf3 d6 3. d4 cxd4 4. Nxd4 Nf6 5. Nc3 g6 6. Be3 Bg7 7. f3 0-0 8. Qd2 Nc6 9. Bc4 Nxd4 10. Bxd4 Be6 11. Bxe6 fxe6 12. g4 Qa5 13. h4 h5 14. 0-0-0 Rac8 15. Rdg1 Rc4 16. gxh5 Qxh5 17. Qd3 Rfc8 18. Kb1 Rxd4 19. Qxd4 Nd5 20. e5 Bxe5 21. Qg4 Nxc3+ 22. bxc3 Kf7 23. Qxh5 gxh5 24. Rg5 Rxc3 25. Rxh5 Rxf3 26. Rg5 Rf5 27. Rg4 Bf6 28. h5 Rb5+ 29. Kc1 Bg5+ 30. Rxg5 Rxg5 31. Rh4 Kg7 32. Rc4 Rc5 33. Re4 Rxh5 34. Rxe6 Re5 35. Rxe5 dxe5 36. Kd2 Kf6 37. Ke3 Kf5 38. c4 e4 39. a4 Ke5 40. a5 a6 0-1

[Event "ARG-ch sf 98th"]
[Site "Buenos Aires"]
[Date "2023.05.04"]
[Round "6"]
[White "Ccahuancama, Abraham William"]
[Black "Perez Lascano, Lucila"]
[Result "1-0"]
[WhiteElo "1632"]
[BlackElo "1272"]
[PlyCount "52"]
[EventDate "2023.04.29"]
[EventType "swiss"]
[EventRounds "9"]
[EventCountry "ARG"]
[SourceTitle "CBM 214 Extra"]
[Source "ChessBase"]
[SourceDate "2023.07.31"]
[SourceVersion "1"]
[SourceVersionDate "2023.07.31"]
[SourceQuality "1"]

1. d4 Nf6 2. Nc3 g6 3. e4 d6 4. f4 Bg7 5. Be3 Ng4 6. Qd2 Nxe3 7. Qxe3 0-0 8. 0-0-0 Nd7 9. e5 c5 10. Nf3 Qb6 11. Nd5 Qd8 12. Bb5 e6 13. Nc3 cxd4 14. Qxd4 d5 15. g4 a6 16. Bxd7 Bxd7 17. h4 Rc8 18. h5 Rc4 19. Qd2 Bh6 20. g5 Bg7 21. Qh2 Qa5 22. hxg6 fxg6 23. Qxh7+ Kf7 24. f5 Rg8 25. Qxg6+ Kf8 26. f6 Bh8 1-0

[Event "ARG-ch sf 98th"]
[Site "Buenos Aires"]
[Date "2023.05.02"]
[Round "4"]
[White "Dimitriu, Cristian"]
[Black "Ccahuancama, Abraham William"]
[Result "1-0"]
[WhiteElo "1850"]
[BlackElo "1632"]
[PlyCount "69"]
[EventDate "2023.04.29"]
[EventType "swiss"]
[EventRounds "9"]
[EventCountry "ARG"]
[SourceTitle "CBM 214 Extra"]
[Source "ChessBase"]
[SourceDate "2023.07.31"]
[SourceVersion "1"]
[SourceVersionDate "2023.07.31"]
[SourceQuality "1"]

1. e4 c5 2. Nc3 Nc6 3. g3 g6 4. Bg2 Bg7 5. d3 Rb8 6. Be3 b5 7. Qd2 b4 8. Nd1 Nf6 9. Bxc5 d6 10. Be3 Ng4 11. d4 Qb6 12. Ne2 Ba6 13. 0-0 Nxe3 14. fxe3 e5 15. d5 Na5 16. b3 Nb7 17. a3 Nc5 18. axb4 Qxb4 19. Qxb4 Rxb4 20. Ndc3 0-0 21. Rfe1 Bxe2 22. Rxe2 Ra8 23. Ra5 Bf6 24. Nb5 Nb7 25. Rxa7 Rxa7 26. Nxa7 Na5 27. Nc8 Rb8 28. Nxd6 Be7 29. Nc4 Nxc4 30. bxc4 Rc8 31. Rd2 Bd6 32. Bf1 Rb8 33. Kf2 f5 34. exf5 gxf5 35. Bh3 1-0